书目信息 |
| 题名: |
电磁场的基本物理量
|
|
| 作者: | 杨诚明 编 | |
| 分册: | ||
| 出版信息: | 北京 人民教育出版社 1982 |
|
| 页数: | 132页 | |
| 开本: | 19cm | |
| 丛书名: | 高等学校物理学小丛书 | |
| 单 册: | ||
| 中图分类: | O441.4 | |
| 科图分类: | ||
| 主题词: | 电磁场-基本物理量 , 基本物理量-电磁场 | |
| 电子资源: | ||
| ISBN: | ||
| 000 | 00739nam2 2200265 45 | |
| 001 | 0182005516 | |
| 005 | 20060817154602.93 | |
| 010 | @dCNY0.38 | |
| 091 | @aCN@b13012.0716 | |
| 100 | @a19950615d1982 em y0chiy0121 ea | |
| 101 | 0 | @achi |
| 102 | @aCN@b110000 | |
| 105 | @ay z 000yy | |
| 200 | 10 | @a电磁场的基本物理量@Adian ci chang de ji ben wu li liang@eE.D.B.H@f杨诚明编 |
| 210 | @a北京@c人民教育出版社@d1982 | |
| 215 | @a132页@d19cm | |
| 225 | 2 | @a高等学校物理学小丛书 |
| 410 | 0 | @120010@a高等学校物理学小丛书 |
| 606 | @a电磁场-基本物理量 | |
| 606 | @a基本物理量-电磁场 | |
| 690 | @aO441.4@v3 | |
| 701 | 0 | @a杨诚明@Ayang cheng ming@4编 |
| 801 | 2 | @aCN@bNLC@c20060817 |
| 801 | 0 | @aCN@bTSSF |
| 905 | @a10447@dO441.4@e112 | |
| 电磁场的基本物理量:E.D.B.H/杨诚明编.-北京:人民教育出版社,1982 |
| 132页;19cm.-(高等学校物理学小丛书) |
| ISBN :CNY0.38 |
| ● |
| 相关链接 |
|
|
|
|
正题名:电磁场的基本物理量
索取号:O441.4/112
 
预约/预借
| 序号 | 登录号 | 条形码 | 馆藏地/架位号 | 状态 | 备注 |
| 1 | 0468458 | 204684582 | 密集书库/ [索取号:O441.4/112] | 在馆 |